00426nam a2200157Ia 4500003000400000005001700004008004100021040000900062082001500071100001700086245005500103260002800158300001000186630001800196650005400214OSt20220401123358.0211109s9999||||xx |||||||||||||| ||und|| cSBCL a824bRUD-M aRudrum, Alan 0aModern JudgementsbA Selection of Critical Essays  bMacmillanaLondonc1969 a320p. xGeneral Stack aLiterature vEnglish Essays xEnglish Literature